Menová politika NBS kurzová politika
Hlavnou úlohou menovej politiky NBS je zabezpečovanie stability meny. Vnútornú stabilitu reperezentuje inflácia, vonkajšiu výmenný kurz. Výmenný kurz slovenskej koruny po roku 1993. Parita kúpnej sily. Nominálny efektívny výmenný kurz. Reálny efektívny výmenný kurz.
Gespeichert in:
| 1. Verfasser: | |
|---|---|
| Weitere Verfasser: | |
| Format: | Buchkapitel |
| Sprache: | Slowakisch |
| Schlagworte: | |
| Tags: |
Keine Tags, Fügen Sie das erste Tag hinzu!
|
MARC
| LEADER | 00000naa a2200000 4500 | ||
|---|---|---|---|
| 001 | r033971 | ||
| 005 | 20221129101904.2 | ||
| 041 | 0 | |a slo | |
| 044 | |a SK | ||
| 245 | 1 | 0 | |a Menová politika NBS |b kurzová politika |c Jana Jirsáková, Peter Belovič |
| 520 | |a Hlavnou úlohou menovej politiky NBS je zabezpečovanie stability meny. Vnútornú stabilitu reperezentuje inflácia, vonkajšiu výmenný kurz. Výmenný kurz slovenskej koruny po roku 1993. Parita kúpnej sily. Nominálny efektívny výmenný kurz. Reálny efektívny výmenný kurz. | ||
| 610 | 2 | 0 | |a politika menová |
| 610 | 2 | 0 | |a kurz výmenný |
| 610 | 2 | 0 | |a parita sily kúpnej |
| 610 | 2 | 0 | |a NBS Bratislava |
| 610 | 2 | 0 | |a Slovensko |
| 100 | 1 | |a Jirsáková, Jana | |
| 700 | 1 | |a Belovič, Peter | |